Silas Marner
La historia sigue a Silas Marner, un tejedor de vino que tras ser inculpado injustamente y expulsado de su pueblo, se instala en el pueblo rural de Raveloe, donde vive aislado. Pero tras ser que le roban todo su dinero y cree que su vida es pura desdicha, se encuentra con una pequeña niña que lo guí...
Kaydedildi:
| Yazar: | |
|---|---|
| Materyal Türü: | Kitap |
| Dil: | Undetermined |
| Baskı/Yayın Bilgisi: |
New York, Estados Unidos
The Pocket Library
1956
|
| Edisyon: | 3 |
| Konular: | |
| Etiketler: |
Etiketle
Etiket eklenmemiş, İlk siz ekleyin!
|
MARC
| LEADER | 00000nam a2200000Ia 4500 | ||
|---|---|---|---|
| 008 | 170316s9999 xx 000 0 und d | ||
| 040 | |a cru BVZT | ||
| 090 | |a 820 E-2s | ||
| 100 | |a Eliot, George | ||
| 245 | |a Silas Marner | ||
| 250 | |a 3 | ||
| 260 | |a New York, Estados Unidos | ||
| 260 | |b The Pocket Library | ||
| 260 | |c 1956 | ||
| 300 | |a 230 páginas | ||
| 520 | |a La historia sigue a Silas Marner, un tejedor de vino que tras ser inculpado injustamente y expulsado de su pueblo, se instala en el pueblo rural de Raveloe, donde vive aislado. Pero tras ser que le roban todo su dinero y cree que su vida es pura desdicha, se encuentra con una pequeña niña que lo guía a su madre moribunda, como un acto de bondad Silas decide adoptarla, criando como su propia hija y quien le enseñara a abrirse nuevamente a las personas y volverse más virtuoso. | ||
| 650 | |a LITERATURA INGLESA |9 12 | ||
| 999 | |c 6875 |d 6875 | ||
| 942 | |c 15 D |h 820 E-2s |2 z | ||
